Othello (Record no. 156998)

MARC details
000 -LEADER
fixed length control field 02299cgm a2200481 a 4500
001 - CONTROL NUMBER
control field vtls003257261
003 - CONTROL NUMBER IDENTIFIER
control field MY-SjTCS
005 - DATE AND TIME OF LATEST TRANSACTION
control field 20200226115958.0
007 - PHYSICAL DESCRIPTION FIXED FIELD--GENERAL INFORMATION
fixed length control field vd cvaizz
008 - FIXED-LENGTH DATA ELEMENTS--GENERAL INFORMATION
fixed length control field 140815p20131995cau123 s00 vleng d
024 1# - OTHER STANDARD IDENTIFIER
Standard number or code 883316690932
039 #9 - LEVEL OF BIBLIOGRAPHIC CONTROL AND CODING DETAIL [OBSOLETE]
Level of rules in bibliographic description 201801021059
Level of effort used to assign nonsubject heading access points VLOAD
Level of effort used to assign subject headings 201408151840
Level of effort used to assign classification pushpa
Level of effort used to assign subject headings 201408151743
Level of effort used to assign classification pushpa
-- 201408151432
-- malathy
041 1# - LANGUAGE CODE
Language code of text/sound track or separate title eng
-- fre
082 04 - DEWEY DECIMAL CLASSIFICATION NUMBER
Classification number 791.4372
Item number OTH 2013
130 0# - MAIN ENTRY--UNIFORM TITLE
Uniform title Othello (Motion picture : 1995)
245 10 - TITLE STATEMENT
Title Othello
Medium [videorecording] /
Statement of responsibility, etc. Warner Bros. Pictures ; Castle Rock Entertainment presents a Dakota Films/Imminent Films production ; directed by Oliver Parker ; produced by Luc Roeg and David Barron.
260 ## - PUBLICATION, DISTRIBUTION, ETC.
Place of publication, distribution, etc. Burbank, CA :
Name of publisher, distributor, etc. Warner Home Video [distributor],
Date of publication, distribution, etc. c2013.
300 ## - PHYSICAL DESCRIPTION
Extent 1 videodisc (123 min.) :
Other physical details sd., col. ;
Dimensions 4 3/4 in.
500 ## - GENERAL NOTE
General note Based on the play by William Shakespeare.
500 ## - GENERAL NOTE
General note Originally produced as a motion picture in 1995 by Castle Rock Entertainment and Dakota Films/Imminent Films and released by Columbia Pictures.
511 1# - PARTICIPANT OR PERFORMER NOTE
Participant or performer note Laurence Fishburne, Irene Jacob, Kenneth Branagh.
520 ## - SUMMARY, ETC.
Summary, etc. In this dramatization of William Shakespeare's tragedy a great man's vanity is manipulated by a jealous aide to bring about his downfall. Betrayal, deception and murder end the friendship between Othello and Iago culminate in the tragic death of Desdemona.
538 ## - SYSTEM DETAILS NOTE
System details note DVD
546 ## - LANGUAGE NOTE
Language note English and French language soundtracks (surround) with optional subtitles in English and French.
600 10 - SUBJECT ADDED ENTRY--PERSONAL NAME
Personal name Shakespeare, William,
Dates associated with a name 1564-1616
Form subdivision Film adaptations.
9 (RLIN) 64341
650 #0 - SUBJECT ADDED ENTRY--TOPICAL TERM
Topical term or geographic name entry element Othello (Fictitious character)
Form subdivision Drama.
9 (RLIN) 44759
650 #0 - SUBJECT ADDED ENTRY--TOPICAL TERM
Topical term or geographic name entry element Desdemona (Fictitious character)
Form subdivision Drama.
650 #0 - SUBJECT ADDED ENTRY--TOPICAL TERM
Topical term or geographic name entry element Jealousy
Form subdivision Drama.
9 (RLIN) 44757
650 #0 - SUBJECT ADDED ENTRY--TOPICAL TERM
Topical term or geographic name entry element Betrayal
Form subdivision Drama.
650 #0 - SUBJECT ADDED ENTRY--TOPICAL TERM
Topical term or geographic name entry element Man-woman relationships
Form subdivision Drama.
9 (RLIN) 20692
700 1# - ADDED ENTRY--PERSONAL NAME
Personal name Parker, Oliver
9 (RLIN) 63415
700 1# - ADDED ENTRY--PERSONAL NAME
Personal name Roeg, Luc
700 1# - ADDED ENTRY--PERSONAL NAME
Personal name Barron, David
700 1# - ADDED ENTRY--PERSONAL NAME
Personal name Fishburne, Laurence,
Dates associated with a name 1961-
9 (RLIN) 70318
700 1# - ADDED ENTRY--PERSONAL NAME
Personal name Jacob, Irène
700 1# - ADDED ENTRY--PERSONAL NAME
Personal name Branagh, Kenneth
9 (RLIN) 21545
700 1# - ADDED ENTRY--PERSONAL NAME
Personal name Shakespeare, William,
Dates associated with a name 1564-1616.
Title of a work Othello.
9 (RLIN) 2798
710 2# - ADDED ENTRY--CORPORATE NAME
Corporate name or jurisdiction name as entry element Warner Bros.
9 (RLIN) 24811
710 2# - ADDED ENTRY--CORPORATE NAME
Corporate name or jurisdiction name as entry element Castle Rock Entertainment (Firm)
710 2# - ADDED ENTRY--CORPORATE NAME
Corporate name or jurisdiction name as entry element Columbia Pictures.
9 (RLIN) 45285
710 2# - ADDED ENTRY--CORPORATE NAME
Corporate name or jurisdiction name as entry element Warner Home Video (Firm)
9 (RLIN) 13225
920 ## - Programme
Programme CALSH : 213067
Holdings
Withdrawn status Lost status Source of classification or shelving scheme Damaged status Not for loan Home library Current library Date acquired Cost, normal purchase price Total Checkouts Barcode Date last seen Date last checked out Copy number Cost, replacement price Koha item type Public note
    Dewey Decimal Classification     Taylor's Library-TC Taylor's Library-TC 15/08/2014 200.00 5 1000529094 05/12/2019 21/11/2016 1 200.00 Media Resources CALSH,25000,02,CL